000 00912nas a2200301 4500
001 BR2012000702
003 BR-BrBNA
005 20231205120118.0
007 ta
008 230509b bl.|||p| |||| 00| 00por d
040 _aBR-BrBNA
_bpor
_cBiblioteca Nacional de Agricultura
041 _a(Pt)
072 _aQ02
100 1 _aSantos, T.C. dos
100 1 _aCavalcanti, I.S.
100 1 _aBonomo, R.C.F.
100 1 _aSantana, N.B.
100 1 _aFranco, M.
245 1 _aOptimization of productions of cellulolytica enzymes by Aspergillus niger using residue of mango a substrate
650 _aMANGA
650 _aMANGIFERA INDICA
650 _aENZIMA CELULOLÍTICA
650 _aFUNGO
650 _aASPERGILLUS NIGER
773 0 _tCiência Rural (Brazil)
_xISSN 0103-8478
_g(Dec 2011), v. 41(12) p.2210-2216
_wBR2012000702
909 _a202311
_bLúcia
_c55
_dLúcia Elande
942 _2AGRIS
_n0
_cANA
999 _c217096
_d217096